| 000 | 00444cam a2200145 4500500 | ||
|---|---|---|---|
| 005 | 20251012032542.0 | ||
| 041 | _afre | ||
| 042 | _adc | ||
| 100 | 1 | 0 |
_aBarrias, Louis-Ernest _eauthor |
| 245 | 0 | 0 | _aLa nature se dévoilant devant la science |
| 260 | _c2005. | ||
| 500 | _a81 | ||
| 786 | 0 | _nSigila | 15 | 1 | 2005-06-20 | p. 17-18 | 1286-1715 | |
| 856 | 4 | 1 | _uhttps://shs.cairn.info/revue-sigila-2005-1-page-17?lang=fr&redirect-ssocas=7080 |
| 999 |
_c1547629 _d1547629 |
||